[Event "Bayern-chI Bank Hofmann"]
[Site "Bad Wiessee"]
[Date "1997.11.21"]
[Round "7"]
[White "Waitzkin, Joshua"]
[Black "Saathoff, Richard"]
[Result "1-0"]
[WhiteElo "2435"]
[BlackElo "2130"]

1.e4 e5 2.Nf3 Nc6 3.Bc4 Bc5 4.c3 Nf6 5.d3 a6 6.O-O Ba7 7.Bb3 d6 8.Re1 O-O
9.h3 Be6 10.Nbd2 Nd7 11.Nf1 Bxb3 12.Qxb3 Nc5 13.Qc2 d5 14.Rd1 Ne6 15.Qb3 Nc5
16.Qc2 Ne6 17.Be3 d4 18.Bc1 dxc3 19.bxc3 Qd6 20.Ne3 Rfe8 21.Nd5 Kh8 22.Be3 Bxe3
23.fxe3 Nc5 24.Qf2 f6 25.Qh4 Rad8 26.Rf1 Rf8 27.Rad1 Rde8 28.g4 Ne7 29.Nxe5 fxe5
30.Rxf8+ Rxf8 31.Nxe7 Re8 32.Nd5 c6 33.Nb6 Qc7 34.Nc4 b5 35.Nb2 Qa5 36.Qh5 g6
37.Qg5 Qxc3 38.Qf6+ Kg8 39.Rf1 Ra8 40.Qf7+ Kh8 41.Qe7 Rg8 42.Nd1  1-0

[Event "Bayern-chI Bank Hofmann"]
[Site "Bad Wiessee"]
[Date "1997.11.22"]
[Round "8"]
[White "Hellmayr, Alois"]
[Black "Waitzkin, Joshua"]
[Result "0-1"]
[WhiteElo "2220"]
[BlackElo "2435"]

1.c3 d5 2.d4 Nf6 3.Bf4 c5 4.dxc5 Nc6 5.Nf3 a5 6.e3 e6 7.Bb5 Bxc5 8.O-O O-O
9.c4 Na7 10.Nc3 Nxb5 11.Nxb5 Bd7 12.Ne5 Bxb5 13.cxb5 a4 14.Rc1 Bd6 15.Qd4 Nh5
16.Rc3 Ra5 17.Nd3 Nxf4 18.exf4 Qd7 19.b6 Qb5 20.Rfc1 Ra6 21.f5 Qxb6 22.Qg4 exf5
23.Qxf5 Qd4 24.Qd7 Rb6 25.g3 g6 26.b3 Ba3 27.R1c2 axb3 28.axb3 Bd6 29.Nc5 Qd1+
30.Kg2 d4 31.Rc1 Qh5 32.Ne4 Qe5 33.Nxd6 Rxd6  0-1

[Event "Bayern-chI Bank Hofmann"]
[Site "Bad Wiessee"]
[Date "1997.11.23"]
[Round "9"]
[White "Waitzkin, Joshua"]
[Black "Blatny, Pavel"]
[Result "1-0"]
[WhiteElo "2435"]
[BlackElo "2555"]

1.e4 e5 2.Nf3 Nc6 3.Nc3 Nf6 4.g3 Bc5 5.Bg2 d6 6.d3 a6 7.O-O Bg4 8.h3 Be6
9.Kh2 h6 10.Be3 Bxe3 11.fxe3 d5 12.Nh4 d4 13.exd4 Nxd4 14.Nf5 Bxf5 15.exf5 c6
16.Ne4 Nxe4 17.Bxe4 Nb5 18.f6 g6 19.Qd2 Qd6 20.b4 Qd4 21.Bg2 O-O-O 22.a4 Nd6
23.Rfe1 e4 24.b5 cxb5 25.axb5 Nxb5 26.c4 Na7 27.Bxe4 Rd6 28.Rab1 Nc6 29.Qd1 Rhd8
30.Qb3 Qa7 31.c5 Rxf6 32.Bg2 a5 33.Qc3 Rf2 34.Kg1 Rf5 35.Rb6 Qb8 36.d4 Rg5
37.Kh2 Qc7 38.Reb1 Rgd5 39.Rxb7 Qxb7 40.Rxb7 Kxb7 41.Qc4 Nb4 42.Qb5+ Kc8
43.Bxd5 Rxd5 44.Qe8+ Kc7 45.Qxf7+ Rd7 46.Qxg6 Nc6 47.Qxh6 Rxd4 48.Qg7+ Rd7
49.Qf6 Rd2+ 50.Kh1 Kb7 51.Qf7+ Kc8 52.h4 a4 53.Qc4 a3 54.Qa6+ Kd7 55.Qxa3 Ne5
56.h5 Ke6 57.h6 Rd1+ 58.Kg2 Rd2+ 59.Kh3 Kf5 60.Qe3 Rd1 61.g4+  1-0

[Event "Mermaid Beach Club"]
[Site "Bermuda"]
[Date "1997.??.??"]
[Round "2"]
[White "Waitzkin, Joshua"]
[Black "Hjartarson, Johann"]
[Result "0-1"]
[WhiteElo "2440"]
[BlackElo "2585"]

1.e4 c5 2.Nf3 e6 3.d4 cxd4 4.Nxd4 a6 5.Bd3 Nf6 6.Nc3 d6 7.Be3 b5 8.a4 b4
9.Na2 Bb7 10.f3 Nbd7 11.Nxb4 d5 12.c3 dxe4 13.fxe4 Ne5 14.Bc2 Nc4 15.Qe2 Nxe3
16.Qxe3 Bxb4 17.cxb4 Qb6 18.O-O-O Qxb4 19.e5 Nd5 20.Qh3 Rc8 21.Rhf1 Qe7 22.Kb1 Nb4
23.Bxh7 Be4+ 24.Bxe4 Rxh3 25.gxh3 Qh4 26.Rfe1 Rc4 27.Re2 Qf4  0-1

[Event "Mermaid Beach Club"]
[Site "Bermuda"]
[Date "1997.??.??"]
[Round "3"]
[White "Bezold, Michael"]
[Black "Waitzkin, Joshua"]
[Result "0-1"]
[WhiteElo "2500"]
[BlackElo "2440"]

1.b3 d5 2.Bb2 c6 3.e3 Nf6 4.c4 Bf5 5.Nf3 e6 6.Be2 Nbd7 7.Nh4 Bg6 8.Nc3 Bd6
9.g3 e5 10.cxd5 Nxd5 11.O-O N7f6 12.Nxd5 Nxd5 13.d3 Qe7 14.Bf3 O-O-O 15.a3 Bc7
16.Bg2 Nf6 17.Nxg6 hxg6 18.Qe2 Rh5 19.b4 Qd7 20.Rfd1 Rdh8 21.h3 Rxh3 22.Bxh3 Qxh3
23.Qf3 Ng4 24.Qg2 Qh5 25.Rac1 Nh2 26.g4 Nxg4 27.b5 Nh2 28.bxc6 Qe2 29.cxb7+ Kb8
30.Bxe5 Nf3+ 31.Qxf3 Qxf3 32.Bxc7+ Kxb7 33.Bh2 Qh3 34.Rc7+ Ka8  0-1

[Event "Mermaid Beach Club"]
[Site "Bermuda"]
[Date "1997.??.??"]
[Round "5"]
[White "Ashley, Maurice"]
[Black "Waitzkin, Joshua"]
[Result "1-0"]
[WhiteElo "2465"]
[BlackElo "2440"]

1.e4 c5 2.Nf3 d6 3.d4 cxd4 4.Nxd4 Nf6 5.Nc3 Nc6 6.Bc4 Qb6 7.Nxc6 bxc6 8.O-O e5
9.Bg5 Qxb2 10.Qd3 Qb6 11.Bxf6 gxf6 12.Nd5 Qd8 13.Rab1 Be7 14.Nxe7 Kxe7 15.f4 Qa5
16.Kh1 Rg8 17.Bxf7 Kxf7 18.Qxd6 Qd8 19.Qxc6 Qd2 20.Rg1 Bd7 21.Qc4+ Ke7 22.fxe5 fxe5
23.Rbd1 Qa5 24.Qd3 Qc7 25.Qa3+ Ke8 26.Rgf1 Rc8 27.Rd2 Qc4 28.Rdf2 Qc5 29.Qf3 Kd8
30.Rd2 Kc7 31.Rxd7+ Kxd7 32.Qf7+ Kc6 33.Rf6+ Kb5 34.Qb7+ Qb6 35.Rxb6+ axb6
36.Qd5+ Ka6 37.h3 Rg6 38.Qd3+ Kb7 39.Qd7+ Rc7 40.Qd5+ Ka7 41.c4 Rcg7 42.Qd2 Rg3
43.Qf2 Kb7 44.Kh2 Rxg2+ 45.Qxg2 Rxg2+ 46.Kxg2 Kc6 47.Kg3 Kc5 48.Kg4 Kxc4
49.Kf5 Kd4 50.h4 b5 51.h5 b4 52.h6 Kc3 53.Kxe5 Kb2 54.Kf6 Kxa2 55.e5 b3 56.e6 b2
57.e7 b1=Q 58.e8=Q Qd3 59.Kg7 Ka3 60.Kh8 Qf5 61.Kg8 Qd3 62.Qf7 Ka4 63.Kh8 Qe4
64.Qa7+ Kb5 65.Qxh7 Qe5+ 66.Qg7 Qe8+ 67.Kh7 Qe4+ 68.Qg6 Qe7+ 69.Kg8 Qd8+
70.Kg7 Qe7+ 71.Qf7 Qe5+ 72.Qf6 Qg3+ 73.Kf7 Qc7+ 74.Kg6 Ka4 75.h7 Qg3+ 76.Kh5  1-0

[Event "Mermaid Beach Club"]
[Site "Bermuda"]
[Date "1997.??.??"]
[Round "7"]
[White "Waitzkin, Joshua"]
[Black "Shaked, Tal"]
[Result "1/2-1/2"]
[WhiteElo "2440"]
[BlackElo "2445"]

1.e4 e6 2.d4 d5 3.exd5 exd5 4.c4 Bb4+ 5.Nc3 Ne7 6.Nf3 O-O 7.Be2 dxc4 8.Bxc4 Bg4
9.O-O Nbc6 10.Be3 Nf5 11.Qd3 Nd6 12.Bd5 Bf5 13.Qd1 Ne7 14.Bb3 c6 15.Ne5 Kh8
16.Rc1 f6 17.Nd3 Bxc3 18.bxc3 Nd5 19.Nf4 Nxe3 20.fxe3 Qe8 21.Qe2 b5 22.Rce1 Ne4
23.c4 a6 24.cxb5 axb5 25.Rc1 Rc8 26.a4 bxa4 27.Bxa4 Bd7 28.Nd3 Ra8 29.Bc2 Be6
30.Nf2 Bd5 31.Nxe4 Bxe4 32.Bxe4 Qxe4 33.Qf3 Rfe8 34.Qxe4 Rxe4 35.Kf2 Rae8
36.Rfe1 R8e6 37.Rc3 g6 38.Ra1 f5 39.g3 g5 40.Kf3 Kg7 41.Ra7+ Kg6 42.Ra6 Kf6  1/2-1/2

[Event "Budapest FS06 GM"]
[Site "Budapest"]
[Date "1997.??.??"]
[Round "1"]
[White "Waitzkin, Joshua"]
[Black "Hoang Than Trang"]
[Result "1/2-1/2"]
[WhiteElo "2440"]
[BlackElo "2355"]

1.e4 e6 2.d4 d5 3.exd5 exd5 4.c4 Nf6 5.Nc3 Be7 6.Bd3 dxc4 7.Bxc4 O-O 8.Nge2 Nbd7
9.O-O Nb6 10.Bb3 c6 11.Re1 Bd7 12.Qd3 Re8 13.Ng3 Bf8 14.Bg5 Be6 15.Bxe6 Rxe6
16.Rxe6 fxe6 17.Re1 Qe7 18.Qf3 Nbd7 19.d5 cxd5 20.Nxd5 Qf7 21.Nc3 Nd5 22.Qd3 Rc8
23.Bd2 N7f6 24.Nge4 Nxe4 25.Rxe4 Bc5 26.Qe2 Rf8 27.Nd1 Re8 28.g3 Bb6 29.Kg2 Nf6
30.Rc4 Rd8 31.Be3 Bxe3 32.Nxe3 Qd7 33.Rc2 Nd5 34.a3 Nxe3+ 35.Qxe3  1/2-1/2

[Event "Budapest FS06 GM"]
[Site "Budapest"]
[Date "1997.??.??"]
[Round "2"]
[White "Keitlinghaus, Ludger"]
[Black "Waitzkin, Joshua"]
[Result "0-1"]
[WhiteElo "2515"]
[BlackElo "2440"]

1.e4 d5 2.exd5 Qxd5 3.Nc3 Qa5 4.g3 c6 5.Bg2 Nf6 6.h3 g6 7.d3 Bg7 8.Bd2 O-O
9.Nd5 Qd8 10.Nxf6+ Bxf6 11.Bc3 Nd7 12.Ne2 e5 13.O-O Nb6 14.b3 Be6 15.Bb2 Bd5
16.f3 Qd7 17.Kh2 Rad8 18.Qd2 Bg7 19.Rad1 Rfe8 20.Qc1 Qc7 21.Qa1 c5 22.c4 Bc6
23.Rf2 f5 24.Bc3 Re7 25.f4 Bxg2 26.Rxg2 Nd7 27.Rf2 Qc6 28.Rdf1 Qd6 29.Rd1 Qc6
30.Rdf1 Qd6 31.Rd1 Bh6 32.fxe5 Nxe5 33.Bxe5 Rxe5 34.d4 Re3 35.d5 Rde8 36.Qb2 R8e4
37.Rdf1 Bg7 38.Qd2 Be5  0-1

[Event "Budapest FS06 GM"]
[Site "Budapest"]
[Date "1997.??.??"]
[Round "3"]
[White "Waitzkin, Joshua"]
[Black "Acs, Peter"]
[Result "1-0"]
[WhiteElo "2440"]
[BlackElo "2420"]

1.e4 e5 2.Nf3 Nc6 3.Bc4 Bc5 4.c3 Nf6 5.d3 a6 6.O-O d6 7.Bb3 Ba7 8.Nbd2 O-O
9.h3 Ne7 10.Re1 Ng6 11.Nf1 Nh5 12.d4 Nhf4 13.Bxf4 Nxf4 14.dxe5 Bxh3 15.gxh3 Nxh3+
16.Kg2 Nxf2 17.Qd5 Qc8 18.e6 Kh8 19.Ng5 fxe6 20.Qxe6 Qxe6 21.Nxe6 Rf6 22.Re2 Re8
23.Nxc7 Re5 24.Ng3 Rg5 25.Ne6 Rg4 26.Nd4 Nd3 27.Rd2 Ne5 28.Rf2 Rxf2+ 29.Kxf2 Rf4+
30.Ke2 Rg4 31.Kf2 Rf4+ 32.Kg2 Ng4 33.Re1 g6 34.Re2 h5 35.Nf1 Nf6 36.Nd2 Rg4+
37.Kf1 Kh7 38.Be6 Rh4 39.Bc8 b5 40.Bxa6 b4 41.Bc8 bxc3 42.bxc3 Rh1+ 43.Kg2 Rc1
44.Nb5 Bb8 45.Nb3  1-0

[Event "Budapest FS06 GM"]
[Site "Budapest"]
[Date "1997.??.??"]
[Round "6"]
[White "Waitzkin, Joshua"]
[Black "Shaked, Tal"]
[Result "1/2-1/2"]
[WhiteElo "2440"]
[BlackElo "2445"]

1.e4 e6 2.d4 d5 3.Nd2 c5 4.exd5 Qxd5 5.Ngf3 cxd4 6.Bc4 Qd6 7.O-O Nf6 8.Nb3 Nc6
9.Nbxd4 Nxd4 10.Nxd4 a6 11.Re1 Qc7 12.Bb3 Bd7 13.Bg5 Bd6 14.h3 O-O-O 15.Qf3 Qc5
16.Be3 Qe5 17.g3 Qe4 18.Rad1  1/2-1/2

[Event "Budapest FS06 GM"]
[Site "Budapest"]
[Date "1997.??.??"]
[Round "11"]
[White "Vadasz, Laszlo"]
[Black "Waitzkin, Joshua"]
[Result "1-0"]
[WhiteElo "2365"]
[BlackElo "2440"]

1.Nf3 d5 2.d4 Nf6 3.c4 dxc4 4.e3 a6 5.Bxc4 e6 6.O-O b5 7.Bd3 Nbd7 8.e4 Be7
9.Nc3 b4 10.Na4 Bb7 11.Qe2 c5 12.dxc5 Bxc5 13.Bf4 Nh5 14.Be3 Bxe3 15.Qxe3 O-O
16.Rfd1 Qa5 17.b3 Rfd8 18.Rac1 Nhf6 19.Bb1 Rac8 20.h3 h6 21.Nd2 Qh5 22.Nc4 Ne5
23.Rxd8+ Rxd8 24.Nxe5 Qxe5 25.Qb6 Rd7 26.Qxb4 Qf4 27.Rf1 Bc6 28.Nc5 Rd2 29.Qc3 Bb5
30.g3 Qd6 31.e5 Qd8 32.Re1 Nh5 33.Nb7 Qd7 34.Nd6 Rd5 35.Be4 Nf6 36.Bxd5 Nxd5
37.Qc8+ Qxc8 38.Nxc8 Nb4 39.Nd6 Bd3 40.Rd1 Bc2 41.Rc1 Bd3 42.Rc3  1-0

[Event "Budapest FS06 GM"]
[Site "Budapest"]
[Date "1997.??.??"]
[Round "12"]
[White "Waitzkin, Joshua"]
[Black "Videki, Sandor"]
[Result "1/2-1/2"]
[WhiteElo "2440"]
[BlackElo "2375"]

1.e4 c5 2.Nf3 d6 3.d4 cxd4 4.Nxd4 Nf6 5.Nc3 g6 6.g3 Nc6 7.Nde2 b6 8.Bg2 Bb7
9.b3 Bg7 10.Bb2 O-O 11.O-O Rc8 12.a3 a6 13.Nf4 e6 14.Nd3 Qc7 15.Qd2  1/2-1/2

[Event "Chicago op"]
[Site "Chicago"]
[Date "1997.??.??"]
[Round "5"]
[White "Yermolinsky, Alex"]
[Black "Waitzkin, Joshua"]
[Result "1-0"]
[WhiteElo "2630"]
[BlackElo "2440"]

1.c4 e5 2.Nc3 Nc6 3.Nf3 Nf6 4.d4 exd4 5.Nxd4 Bb4 6.Bg5 h6 7.Bh4 d6 8.Rc1 g5
9.Bg3 Nxd4 10.Qxd4 Be6 11.a3 Bc5 12.Qd1 a6 13.e3 Qe7 14.b4 Ba7 15.Qa4+ Bd7
16.Qc2 Be6 17.Be2 O-O-O 18.c5 dxc5 19.Na4 c4 20.Bxc4 Bxc4 21.Qxc4 c6 22.b5 axb5
23.Qxb5 Rd5 24.Nb6+ Bxb6 25.Qxb6 Ne8 26.O-O Nc7 27.Rb1 Rb5 28.Rxb5 Nxb5 29.a4 Nc3
30.Re1 Rd8 31.Qa5  1-0

[Event "New York op"]
[Site "New York"]
[Date "1997.??.??"]
[Round "?"]
[White "Waitzkin, Joshua"]
[Black "Vulicevic, Nenad"]
[Result "1-0"]
[WhiteElo "2440"]
[BlackElo "2350"]

1.e4 d6 2.d4 Nf6 3.Nc3 g6 4.g3 Bg7 5.Bg2 O-O 6.Nge2 e5 7.h3 Nc6 8.Be3 exd4
9.Nxd4 Bd7 10.O-O Re8 11.Re1 a6 12.f4 Na5 13.Bf2 c5 14.Nf3 Bc6 15.e5 dxe5
16.Nxe5 Bxg2 17.Kxg2 Qc7 18.Qf3 b5 19.Re2 Rac8 20.Rae1 Nb7 21.g4 b4 22.Na4 h6
23.b3 Nh7 24.Nc4 Rxe2 25.Rxe2 Nf8 26.f5 gxf5 27.gxf5 Nh7 28.Bg3 Ng5 29.Qd5 Rd8
30.Re8+ Kh7 31.Rxd8 Qxd8 32.Qxd8 Nxd8 33.Nxc5 Nc6 34.Nd6 Bd4 35.Nxa6 Kg7
36.h4 Nh7 37.Nb5 Bb6 38.Bd6 Ba5 39.Nd4  1-0

[Event "World op"]
[Site "Philadelphia"]
[Date "1997.??.??"]
[Round "1"]
[White "Resika, Nathan A"]
[Black "Waitzkin, Joshua"]
[Result "0-1"]
[WhiteElo "2170"]
[BlackElo "2435"]

1.e4 c5 2.Nf3 d6 3.d4 cxd4 4.Nxd4 Nf6 5.Nc3 Nc6 6.Bg5 e6 7.Qd2 a6 8.O-O-O h6
9.Be3 Be7 10.f3 Nxd4 11.Qxd4 b5 12.g4 Qa5 13.Kb1 b4 14.Ne2 e5 15.Qd2 Be6
16.Nc1 d5 17.g5 hxg5 18.Nb3 Qc7 19.Bxg5 dxe4 20.fxe4 Nxe4 21.Qg2 Bxg5 22.Qxe4 O-O
23.Bd3 f5 24.Qxb4 Rfc8 25.c3 a5 26.Qa4 Rd8 27.Rhe1 Bf6 28.Nd4 exd4 29.Rxe6 dxc3
30.Rxf6 c2+ 31.Qxc2 Qxc2+ 32.Kxc2 Rac8+ 33.Kb3 gxf6 34.Rg1+ Kf8 35.Bxf5 Rc5
36.Be6 Rd2 37.h3 Rb5+ 38.Kc4 Rdxb2 39.h4 R2b4+ 40.Kd3 Rxh4  0-1

[Event "World op"]
[Site "Philadelphia"]
[Date "1997.??.??"]
[Round "4"]
[White "Waitzkin, Joshua"]
[Black "Bryan, Jarod J"]
[Result "1-0"]
[WhiteElo "2435"]
[BlackElo "2280"]

1.e4 d5 2.exd5 Nf6 3.Nf3 Nxd5 4.d4 Bg4 5.Be2 e6 6.h3 Bh5 7.c4 Nb6 8.O-O Nc6
9.b3 Bxf3 10.Bxf3 Nxd4 11.Bxb7 Rb8 12.Be4 Be7 13.Nc3 c5 14.Bf4 Bd6 15.Be3 O-O
16.Bxd4 cxd4 17.Nb5 e5 18.Qc2 Bc5 19.Nxa7 Qg5 20.Nc6 Rbc8 21.b4 f5 22.bxc5 fxe4
23.cxb6 Rxc6 24.Qxe4 Rxb6 25.Qd5+ Kh8 26.f4 Qg3 27.Rf3 Qg6 28.fxe5 Rb1+ 29.Rxb1 Qxb1+
30.Kh2 Re8 31.Qd7 Qb8 32.Qxd4 Rxe5 33.Qf4 h6 34.Re3 Rb5 35.Qxb8+ Rxb8 36.Rc3 Rc8
37.c5 Kg8 38.a4 Kf7 39.a5 Ke7 40.a6 Ra8 41.c6 Kd8 42.c7+ Kc8 43.Rc6 Ra7 44.Kg3 Rxc7
45.Rxc7+  1-0

[Event "World op"]
[Site "Philadelphia"]
[Date "1997.??.??"]
[Round "6"]
[White "Waitzkin, Joshua"]
[Black "Ivanov, Alexander"]
[Result "1/2-1/2"]
[WhiteElo "2435"]
[BlackElo "2565"]

1.e4 e5 2.Nf3 Nc6 3.Nc3 Nf6 4.g3 Bc5 5.Bg2 d6 6.d3 a6 7.O-O Be6 8.Be3 Qd7
9.Bxc5 dxc5 10.Ng5 Bg4 11.f3 Bh5 12.Kh1 h6 13.Nh3 O-O-O 14.Nf2 Kb8 15.Na4 Qe7
16.b3 Nh7 17.Nc3 Nf6 18.Na4 Nh7 19.Nc3 Nf6  1/2-1/2

[Event "Pula op"]
[Site "Pula"]
[Date "1997.??.??"]
[Round "1"]
[White "Waitzkin, Joshua"]
[Black "Kamenecki, Stjepan"]
[Result "1-0"]
[WhiteElo "2440"]
[BlackElo "2030"]

1.e4 c6 2.d4 d5 3.Nd2 dxe4 4.Nxe4 Nf6 5.Nxf6+ exf6 6.Nf3 Be6 7.Be2 Bd6 8.O-O O-O
9.c4 Bc7 10.Be3 Re8 11.Qd2 a5 12.Rfd1 Bg4 13.h3 Bf5 14.d5 Qd6 15.c5 Qxd5
16.Qxd5 cxd5 17.Rxd5 Be4 18.Rdd1 h6 19.Nd2 Bc2 20.Rdc1 Ba4 21.Ne4 Nd7 22.Bf3 Bc6
23.Nd6 Reb8 24.Be2 Ne5 25.Nb5 Bxb5 26.Bxb5 Nc6 27.Rd1 Rd8 28.Rac1 Be5 29.Bxc6 bxc6
30.Rxd8+ Rxd8 31.b3 Kf8 32.Kf1 Ke7 33.Ke2 Ke6 34.Rc4 g5 35.Bd2 Ra8 36.Ra4 Bc7
37.Kd3 Kd5 38.Be3 f5 39.Rd4+ Ke6 40.Kc4 Be5 41.Rd3 f4 42.Bd4 Bc7 43.Rd1 f6
44.Re1+ Kf7 45.Rb1 h5 46.a3 Ke6 47.Re1+ Kf7 48.b4 axb4 49.axb4 Rb8 50.Ra1 Rb7
51.Ra6 Be5 52.Bxe5 fxe5 53.Rxc6 e4 54.Ra6 Rd7 55.Ra2 e3 56.fxe3 fxe3 57.Re2 Rd2
58.Rxe3 Rxg2 59.c6 Rc2+ 60.Rc3 Rxc3+ 61.Kxc3 Ke6 62.Kd4 g4 63.hxg4 h4 64.Ke3  1-0

[Event "Pula op"]
[Site "Pula"]
[Date "1997.??.??"]
[Round "2"]
[White "Rezek, Mirko"]
[Black "Waitzkin, Joshua"]
[Result "1/2-1/2"]
[WhiteElo "2235"]
[BlackElo "2440"]

1.e4 c5 2.Nf3 d6 3.d4 cxd4 4.Nxd4 Nf6 5.Nc3 Nc6 6.Bg5 e6 7.Qd2 a6 8.O-O-O h6
9.Be3 Be7 10.f4 Nxd4 11.Qxd4 b5 12.Be2 Qa5 13.a3 Bb7 14.Bf3 Rd8 15.Qa7 Qc7
16.Bb6 Qb8 17.Qxb8 Rxb8 18.Bc7 Kd7 19.Bxb8 Rxb8 20.e5 Bxf3 21.gxf3 Ne8 22.exd6 Nxd6
23.Ne4 Kc6 24.Rd3 Nc4 25.Rhd1 Rb7 26.c3 Rc7 27.h3 g6 28.Nd2 Nb6 29.Nb3 Nd5
30.Nd4+ Kb6 31.Ne2 Bc5 32.Rxd5 exd5 33.Rxd5 Re7 34.Kd2 Kc6 35.Rd8  1/2-1/2

[Event "Pula op"]
[Site "Pula"]
[Date "1997.??.??"]
[Round "3"]
[White "Waitzkin, Joshua"]
[Black "Podvrsnik, Marko"]
[Result "1-0"]
[WhiteElo "2440"]
[BlackElo "2195"]

1.e4 c5 2.Nf3 Nc6 3.d4 cxd4 4.Nxd4 d6 5.Nc3 Nf6 6.Bg5 e6 7.Qd2 Be7 8.O-O-O O-O
9.f4 h6 10.Bh4 e5 11.Nf5 Bxf5 12.exf5 exf4 13.Kb1 d5 14.Bxf6 Bxf6 15.Nxd5 Be5
16.Bc4 b5 17.Bb3 a5 18.a3 Nd4 19.Rhe1 Nxb3 20.cxb3 Re8 21.f6 gxf6 22.g3 f5
23.gxf4 Bg7 24.Rg1 Ra6 25.Qd3 Re4 26.Qxb5 Rg6 27.Nc3 Qf6 28.Qxa5 Rxf4 29.Qc5 Rh4
30.Qf2 f4 31.Nd5 Qf5+ 32.Ka1 Bf6 33.Rgf1 Bg5 34.Rd4 Rd6 35.Rfd1 Qe6 36.Nf6+ Bxf6
37.Rxd6  1-0

[Event "Pula op"]
[Site "Pula"]
[Date "1997.??.??"]
[Round "5"]
[White "Waitzkin, Joshua"]
[Black "Lazovic, Gordan"]
[Result "1-0"]
[WhiteElo "2440"]
[BlackElo "2310"]

1.e4 e5 2.Nf3 Nf6 3.Nc3 Nc6 4.g3 d5 5.exd5 Nxd5 6.Bg2 Nxc3 7.bxc3 Bd6 8.O-O O-O
9.Re1 Bg4 10.h3 Bh5 11.g4 Bg6 12.Rb1 f5 13.d3 fxg4 14.hxg4 e4 15.Bg5 Qd7
16.Nh4 Qf7 17.Be3 exd3 18.cxd3 Qf6 19.Nxg6 Qxg6 20.Be4 Qf6 21.Kg2 Bf4 22.Qf3 Qg5
23.Qh3 h6 24.Qh5 Qf6 25.Qf5 Qxf5 26.gxf5 Bxe3 27.fxe3 Rab8 28.Bd5+ Kh7 29.e4 Nd8
30.e5 c6 31.Bf3 Nf7 32.Bh5 Nh8 33.Bg4 h5 34.Bf3 Kh6 35.e6 Rxf5 36.Bxc6 Rg5+
37.Kh1 Ng6 38.e7 Nxe7 39.Rxe7 Rf8 40.Bxb7 Rf2 41.Rg1 Rxg1+ 42.Kxg1 Rxa2 43.c4 Rc2
44.Re5  1-0

[Event "Pula op"]
[Site "Pula"]
[Date "1997.??.??"]
[Round "7"]
[White "Sax, Gyula"]
[Black "Waitzkin, Joshua"]
[Result "1-0"]
[WhiteElo "2545"]
[BlackElo "2440"]

1.e4 d5 2.exd5 Qxd5 3.d4 Nc6 4.Nf3 Bg4 5.Be2 O-O-O 6.c4 Qf5 7.Be3 Nf6 8.Nbd2 e5
9.d5 Nb4 10.Rc1 Nxa2 11.Ra1 Nb4 12.O-O a6 13.Ra4 Nd3 14.Bxd3 Qxd3 15.Qa1 Re8
16.b4 Bxf3 17.Nxf3 Qxc4 18.Rc1 Qxd5 19.Ra5 Qd3 20.b5 Bb4 21.bxa6 Bxa5 22.Qxa5 Qd6
23.Ng5 Rhf8 24.a7 Kd7 25.Bc5 Qa6 26.Qd2+ Kc8 27.Bd6 c6 28.Bxf8 Rxf8 29.Qd6 Rd8
30.Qb8+ Kd7 31.Nxf7 Re8 32.Rd1+ Ke6 33.Nd6 Qa4 34.Rf1 Rg8 35.Nc8 Qf4 36.Qd6+ Kf5
37.a8=Q Kg4 38.Qe7 Kg5 39.g3  1-0

[Event "Pula op"]
[Site "Pula"]
[Date "1997.??.??"]
[Round "8"]
[White "Giorgadze, Giorgi"]
[Black "Waitzkin, Joshua"]
[Result "1-0"]
[WhiteElo "2595"]
[BlackElo "2440"]

1.d4 Nf6 2.c4 c5 3.d5 b5 4.cxb5 a6 5.b6 e6 6.Nc3 Nxd5 7.Nxd5 exd5 8.Qxd5 Nc6
9.Nf3 Rb8 10.e4 Be7 11.Bc4 O-O 12.Qh5 Rxb6 13.O-O d6 14.b3 Be6 15.Bxe6 fxe6
16.Qg4 Qc8 17.Bb2 e5 18.Qxc8 Rxc8 19.Nd2 Nd4 20.Nc4 Rbc6 21.g3 Bf6 22.Kg2 Kf7
23.f4 Ke7 24.Rf2 Ra8 25.fxe5 dxe5 26.Bc3 Ke6 27.Raf1 Rd8 28.Ba5 Rd7 29.Nb6 Rdd6
30.Nd5 Rxd5 31.exd5+ Kxd5 32.Bd2 e4 33.Be3 Nf3 34.Rc2 Ne5 35.Kf2 Ng4+ 36.Ke2 Ne5
37.Rf5 Ke6 38.g4 h6 39.h3 c4 40.bxc4 Nxc4 41.Rf1 Ne5 42.Rxc6+ Nxc6 43.Rb1 Kd6
44.Rb3 a5 45.a4 Bd8 46.Rb7 Bf6 47.Bf4+ Kd5 48.Rb5+ Kc4 49.Ke3 Bc3 50.Kxe4 Nd4
51.Rb7 Ne6 52.Be3  1-0

[Event "Europe vs Americas"]
[Site "Mermaid Beach"]
[Date "1998.01.30"]
[Round "5"]
[White "Peptan, Corina"]
[Black "Waitzkin, Joshua"]
[Result "1-0"]
[WhiteElo "2410"]
[BlackElo "2465"]

1.e4 d5 2.exd5 Qxd5 3.Nc3 Qa5 4.Nf3 c6 5.d4 Nf6 6.Bc4 Bf5 7.Ne5 e6 8.g4 Bg6
9.h4 Nbd7 10.Nxd7 Kxd7 11.h5 Be4 12.Rh3 Nd5 13.Bd2 Nxc3 14.Bxc3 Bb4 15.Qe2 Bd5
16.Bxd5 Bxc3+ 17.Rxc3 Qxd5 18.O-O-O Rad8 19.Ra3 a6 20.Kb1 Kc8 21.c4 Qg5 22.Qe4 Rd6
23.Rf3 Rd7 24.Rdd3 h6 25.a3 Rhd8 26.Kc2 Qh4 27.Qf4 Qh1 28.Qe5 Rxd4 29.Rxf7 Rxc4+
30.Kb3 Rxd3+ 31.Kxc4 Rd7 32.Rf8+ Rd8 33.Qxe6+ Kc7 34.Qe5+ Kc8 35.Qf5+ Kc7
36.Qa5+ b6 37.Qe5+ Kc8 38.Qe6+ Kc7 39.Qe7+ Rd7 40.Qe5+ Rd6 41.Rf7+ Kc8 42.Qxd6 Qf1+
43.Kc3  1-0

[Event "Europe vs Americas"]
[Site "Mermaid Beach"]
[Date "1998.01.31"]
[Round "6"]
[White "Waitzkin, Joshua"]
[Black "Gormally, Daniel"]
[Result "1-0"]
[WhiteElo "2465"]
[BlackElo "2415"]

1.e4 c5 2.Nf3 d6 3.d4 cxd4 4.Nxd4 Nf6 5.Nc3 a6 6.Be2 e5 7.Nb3 Be7 8.O-O O-O
9.Kh1 b6 10.Bg5 Nbd7 11.Nd5 Nxd5 12.Qxd5 Rb8 13.Bxe7 Qxe7 14.Rad1 Nf6 15.Qxd6 Qxd6
16.Rxd6 Nxe4 17.Rd5 Re8 18.f3 Nf6 19.Rd6 Kf8 20.Rfd1 Bf5 21.c3 a5 22.Nd2 Be6
23.Nc4 Bxc4 24.Bxc4 b5 25.Be2 b4 26.cxb4 Rxb4 27.b3 e4 28.Bc4 Rbb8 29.Kg1 exf3
30.gxf3 Ra8 31.Kf2 Rec8 32.a4 Ra7 33.Ke3 Re7+ 34.Kf2 Ra7 35.R1d4 Ke7 36.Ke3 Rc5
37.Rb6 Re5+ 38.Kf4 Rc5 39.Rdd6 Rac7 40.Rd4 Ra7 41.Rb8 g6 42.Rd2 Nd7 43.Rh8 Rf5+
44.Ke3 Ne5 45.f4 Nxc4+ 46.bxc4 Rc7 47.Rc2 Rfc5 48.Kd3 Rf5 49.Ra8 Rfc5 50.Rb8 Rd7+
51.Kc3 Rdc7 52.Kb3 Kf6 53.Rb5 Kf5 54.Kc3 Kxf4 55.Rxc5 Rxc5 56.Kd4 Rc7 57.c5 f5
58.c6 g5 59.Kc5 h5 60.Kb6 Rc8 61.Kxa5 g4 62.Kb6 h4 63.Kb7 Rf8 64.c7 g3 65.c8=Q Rxc8
66.Kxc8 Kg4 67.a5 f4 68.a6 f3 69.a7 f2 70.a8=Q f1=Q 71.Qe4+  1-0

[Event "Europe vs Americas"]
[Site "Mermaid Beach"]
[Date "1998.02.02"]
[Round "8"]
[White "Waitzkin, Joshua"]
[Black "Fridman, Daniel"]
[Result "1/2-1/2"]
[WhiteElo "2465"]
[BlackElo "2520"]

1.e4 c6 2.d4 d5 3.Nd2 dxe4 4.Nxe4 Bf5 5.Ng3 Bg6 6.h4 h6 7.f4 Nf6 8.Nf3 e6
9.Ne5 Bh7 10.f5 Bd6 11.fxe6 fxe6 12.Bd2 Qb6 13.Bc3 Nbd7 14.Qf3 Qc7 15.Nh5 O-O
16.O-O-O Nxe5 17.dxe5 Bxe5 18.Bxe5 Qxe5 19.Nxf6+ Rxf6 20.Qb3 Raf8 21.Bd3 Bxd3
22.Qxd3 Rf2 23.Kb1 Rxg2 24.Rhe1 Qf5 25.Qb3 Rf6 26.a3 Kh7 27.Rd7 b5 28.Rxa7 Rg4
29.Rc7 Rc4 30.Rd1 Rf7 31.Rc8 Qe4 32.h5 Rf5 33.Rg1 Rxh5 34.Rc7 Rg5 35.Rxg5 hxg5
36.Qh3+ Kg6 37.Qh8 Kf5 38.Rf7+ Kg4 39.Qh2 Qe1+ 40.Ka2 Rf4 41.Rxg7 Qf1 42.Rh7 Rf5
43.Qh5+ Kg3 44.Qh2+ Kg4 45.Qh5+ Kf4 46.Qh2+ Ke4 47.Rd7 Rd5 48.Re7 e5 49.Qh7+ Ke3
50.Rf7 Qg2 51.Rf6 Rd2 52.Qf5 Qd5+ 53.b3 Kd4 54.Rh6 Qg2 55.Kb2 e4 56.Rxc6 Ke3
57.Qxb5 Kf2 58.Qc5+ Ke2 59.a4 Kd1 60.a5 e3 61.a6 e2 62.Qa5 e1=Q 63.Qa1+ Ke2
64.Re6+ Kf3 65.Qxe1 Rxc2+ 66.Ka3 Ra2+ 67.Kb4 Kg4 68.Qe3 Qd5 69.Re5 Qd6+ 70.Kc3 Qc6+
71.Kb4 Qd6+ 72.Kc3 Qc6+ 73.Rc5 Qf6+ 74.Qd4+  1/2-1/2

[Event "Europe vs Americas"]
[Site "Mermaid Beach"]
[Date "1998.02.03"]
[Round "9"]
[White "Mueller, Karsten"]
[Black "Waitzkin, Joshua"]
[Result "1-0"]
[WhiteElo "2515"]
[BlackElo "2465"]

1.e4 d5 2.exd5 Qxd5 3.Nc3 Qa5 4.d4 c6 5.Bc4 Nf6 6.Bd2 Qb6 7.Qe2 Qxd4 8.O-O-O Qb6
9.f4 Bg4 10.Nf3 Nbd7 11.h3 Bxf3 12.gxf3 g6 13.Rhe1 Qc5 14.Ne4 Nxe4 15.Qxe4 Nf6
16.Qd3 Bg7 17.Qc3 b6 18.Be3 Qh5 19.Bd4 Qf5 20.Re5 Qxf4+ 21.Be3 Qg3 22.Rxe7+ Kxe7
23.Qb4+ Ke8 24.Re1 Kd7 25.Rd1+ Ke8 26.Re1 Kd7 27.Rd1+ Nd5 28.Bxd5 cxd5 29.Bf4 Qh4
30.Qd6+ Ke8 31.Qc6+ Ke7 32.Bd6+ Kd8 33.Qxa8+ Kd7 34.Qb7+ Kxd6 35.Rxd5+ Ke6
36.Qd7+ Kf6 37.Qd6+  1-0

[Event "New York op"]
[Site "New York"]
[Date "1998.03.20"]
[Round "7"]
[White "Waitzkin, Joshua"]
[Black "Asrian, Karen"]
[Result "0-1"]
[WhiteElo "2465"]
[BlackElo "2555"]

1.e4 c6 2.d4 d5 3.Nd2 dxe4 4.Nxe4 Bf5 5.Nc5 b6 6.Nb3 e6 7.Nf3 Bd6 8.g3 Ne7
9.Bg2 h6 10.O-O O-O 11.Qe2 Nd7 12.Ne5 Rc8 13.Rd1 Bb8 14.c4 a5 15.Be3 a4 16.Nc1 Nxe5
17.dxe5 Qc7 18.f4 b5 19.b3 bxc4 20.bxc4 Ba7 21.Nd3 Bg4 22.Qxg4 Bxe3+ 23.Kh1 Nf5
24.Rab1 Bd4 25.Qe2 Ne3 26.Rdc1 Nxg2 27.Kxg2 Rfd8 28.Rb4 c5 29.Rb5 Rb8 30.Rcb1 Rxb5
31.Rxb5 Rb8 32.Kh3 Rxb5 33.cxb5 c4 34.Nb4 Qc5 35.Nc2 Qd5 36.Qd2 Bc5 37.Qa5 Qd3
38.Qxa4 Qf1+ 39.Kg4 h5+  0-1

[Event "Agency"]
[Site "London"]
[Date "1998.06.16"]
[Round "2"]
[White "Wells, Peter K"]
[Black "Waitzkin, Joshua"]
[Result "1-0"]
[WhiteElo "2530"]
[BlackElo "2465"]

1.d4 d5 2.c4 dxc4 3.Nf3 Nf6 4.e3 e6 5.Bxc4 a6 6.O-O c5 7.a4 Nc6 8.Qe2 Qc7
9.Nc3 Bd6 10.Rd1 b6 11.Bd2 Bb7 12.d5 exd5 13.Nxd5 Nxd5 14.Bxd5 O-O 15.Bc3 Rad8
16.Qc4 Ne7 17.Bxb7 Qxb7 18.Qg4 Ng6 19.h4 Qd7 20.Qxd7 Rxd7 21.h5 Ne7 22.Rd2 f6
23.Rad1 Nc8 24.h6 Rdd8 25.hxg7 Kxg7 26.e4 Kf7 27.e5 Be7 28.exf6 Bxf6 29.Ne5+ Ke6
30.Nd7 Bxc3 31.Nxf8+ Rxf8 32.bxc3 Rf4 33.Rd8 Ne7 34.Re1+  1-0